Family biking : The parent's guide to safe cycling

Family Biking is a guide for parents and parents-to-be on how to introduce their children to the joys and responsibilities of bicycle riding. The guide includes safe methods of transporting children via trailer bike or tandems, taking young children on bicycle tours, fitting a child to a bicycle, te...

全面介紹

Đã lưu trong:
書目詳細資料
主要作者: Hurst, Robert
格式: 圖書
語言:Undetermined
出版: Guilford FalconGuides 2016
主題:
標簽: 添加標簽
沒有標簽, 成為第一個標記此記錄!
Thư viện lưu trữ: Trung tâm Học liệu Trường Đại học Cần Thơ
LEADER 01147nam a2200205Ia 4500
001 CTU_227881
008 210402s9999 xx 000 0 und d
082 |a 796.6083 
082 |b H966 
100 |a Hurst, Robert 
245 0 |a Family biking : 
245 4 |b The parent's guide to safe cycling 
245 0 |c Robert Hurst, Christie Hurst 
260 |a Guilford 
260 |b FalconGuides 
260 |c 2016 
520 |a Family Biking is a guide for parents and parents-to-be on how to introduce their children to the joys and responsibilities of bicycle riding. The guide includes safe methods of transporting children via trailer bike or tandems, taking young children on bicycle tours, fitting a child to a bicycle, teaching all aspects of bicycle safety, as well as how to deal with dangerous or potentially dangerous situations. It also includes how to teach children to care for their own bicycle, how to dress, how to carry things on their bicycle, and how to perform basic maintenance and repairs. 
650 |a Đạp xe cho trẻ em,Cycling for children 
910 |b nthai 
980 |a Trung tâm Học liệu Trường Đại học Cần Thơ